|
|
|
|
| LEADER |
00000cam a2200000 c 4500 |
| 001 |
1610935217 |
| 003 |
DE-627 |
| 005 |
20250903122234.0 |
| 007 |
tu |
| 008 |
110610s2010 au ||||| 00| ||ger c |
| 015 |
|
|
|a 10,N19
|2 dnb
|
| 020 |
|
|
|a 9783902729231
|c Pp. : EUR 19.30 (DE), EUR 19.80 (AT), sfr 30.42 (freier Pr.)
|9 978-3-902729-23-1
|
| 024 |
3 |
|
|a 9783902729231
|
| 035 |
|
|
|a (DE-627)1610935217
|
| 035 |
|
|
|a (DE-576)345777654
|
| 035 |
|
|
|a (DE-599)BSZ345777654
|
| 040 |
|
|
|a DE-627
|b ger
|c DE-627
|e rakwb
|
| 041 |
|
|
|a ger
|
| 044 |
|
|
|c XA-AT
|
| 090 |
|
|
|a a
|
| 100 |
1 |
|
|a Zäuner, Günther
|d 1957-
|0 (DE-588)115495096
|0 (DE-627)077287592
|0 (DE-576)180728911
|4 aut
|
| 109 |
|
|
|a Zäuner, Günther 1957-
|
| 245 |
1 |
3 |
|a El Austríaco
|b undercover in der internationalen Mafia
|c Günther Zäuner
|
| 264 |
|
1 |
|a Wien
|b Goldegg-Verl.
|c 2010
|
| 300 |
|
|
|a 282 S.
|c 22 cm, 500 gr.
|
| 336 |
|
|
|a Text
|b txt
|2 rdacontent
|
| 337 |
|
|
|a ohne Hilfsmittel zu benutzen
|b n
|2 rdamedia
|
| 338 |
|
|
|a Band
|b nc
|2 rdacarrier
|
| 856 |
4 |
2 |
|u http://www.goldegg-verlag.at
|m X:MVB
|q text/html
|3 Ausführliche Beschreibung
|7 1
|
| 935 |
|
|
|a mkri
|
| 935 |
|
|
|i sf
|
| 951 |
|
|
|a BO
|
| ELC |
|
|
|b 1
|
| LOK |
|
|
|0 000 xxxxxcx a22 zn 4500
|
| LOK |
|
|
|0 001 3155743786
|
| LOK |
|
|
|0 003 DE-627
|
| LOK |
|
|
|0 004 1610935217
|
| LOK |
|
|
|0 005 20110630100451
|
| LOK |
|
|
|0 008 110610||||||||||||||||ger|||||||
|
| LOK |
|
|
|0 040
|a DE-Frei85
|c DE-627
|d DE-Frei85
|
| LOK |
|
|
|0 852
|a DE-Frei85
|
| LOK |
|
|
|0 852 1
|m p
|9 00
|
| LOK |
|
|
|0 938
|k p
|
| LOK |
|
|
|0 939
|a 10-06-11
|b l01
|
| ORI |
|
|
|a SA-MARC-krimdoka001.raw
|